000 006010000a22001810004500
001 10509
041 0 _aSPA
082 0 4 _aG 616.89156 B7479t
100 1 _aBoszormenyi Nagy, Ivan (1920-)
245 1 0 _aTerapia familiar intensiva : Aspectos teóricos y prácticos / Ivan Boszormenyi Nagy, James L. Framo
260 _aMéxico, D.F., México : Trillas
300 _a569 Pag
500 _aTítulo original : Intensive family therapy : Theorical and practical aspects
942 _cBK
999 _c40058
_d40058
336 _atexto
_btxt
_2rdacontent
337 _2rdamedia
_asin mediación
_bn
338 _2rdacarrier
_avolumen
_bnc